00466nam a2200157Ia 4500100001500000650002200015942000700037366000700044245002200051260002000073082001300093300000800106546002300114999001700137952015400154 aVerma/C.S  aComputer graphics cBK f20 aComputer Graphics bAne Booksc2012 a6.6bVER a167 aENGLISHcComputers c25034d25034 001040708CRCaCRCEb1234d2023-03-17eAne Books Indiag128.00i11 dt 22/05/2013l1o6.6 VERp22622r2023-07-26s2023-07-26v160.00w0000-00-00yBK